000 00649nam a22002057a 4500
999 _c17297
_d17297
003 AR-CdUCM
008 190508b ||||| |||| 00| 0 spa d
040 _aMUNICIPALIDAD PROVINCIAL DEL CUSCO
_cBIBLIOTECA MUNICIPAL DEL CUSCO
082 _a800.8 /
_bU92
100 _aUslar-pietri, Arturo
_916841
245 _aSumario de la civilización occidental /
260 _aMadrid :
_bEdime,
_c1962.
300 _a280 páginas ;
_c20 cm.
505 _aContenido : La biblia -- Génesis -- El dialogo ...
650 _aSumario
_937220
650 _aLa biblia
_917692
650 _aLa religión
_937221
942 _2ddc
_cLIBROS
945 _arah
_d08/05/2019